00566nam a2200157Ia 4500008004100000041000800041082001800049100002400067245005200091250000600143260006500149300001200214650002900226999001900255952013400274210716s2016 xx 000 0 und d aeng a004.6005 GORS aGornale, Shivananad aWeb programming: for beginners.bFor beginners. a1 aNew DelhibShroff Publishers and Distributors Pvt Ltdc2016 axiv,297 aWeb Design & Development c195424d195424 001040708MCAaAIMITbAIMITeShroff Publishersg575.00l0o004.6005 GORSpMCA14933r2025-07-21 00:00:00v431.25w2021-07-16yBK